Quiz Bandeiras Logos - Statistics

Estatísticas Gerais
  • Esse quiz foi jogado 92 vezes
  • A pontuação média é 14 de 20
Estatísticas das Respostas
Imagem Resposta % Correto
libano
98%
albania
96%
uruguai
96%
kosovo
88%
santa lucia
80%
irã
79%
uganda
79%
sri lanka
78%
cazaquistão
75%
lesoto
75%
vaticano
75%
liechtenstein
71%
arabia saudita
62%
tajiquistão
62%
andorra
61%
papua nova guine
60%
haiti
46%
zambia
36%
tokelau
25%
zimbabwe
15%
Nenhum quiz correspondente encontrado
Distribuição das Pontuações
Porcentagem de Pessoas com Cada Pontuação
Percentil de Números Respondidos
Sua Pontuação Histórica
Você não jogou esse quiz